Vocabulary of Pain - Statistics

General Stats
  • This quiz has been taken 43 times
  • The average score is 7 of 20
Answer Stats
Description Answer % Correct
an open handed strike slap
87%
blowing with feet kick
84%
the sun or a fire might burn
77%
are papers evil to do so to you? cut
58%
a continuous dull pain ache
48%
someting a dentist or an instructor might do drill
48%
to press with force, short-lived infatuation crush
42%
gratification gained from pain etc, pleasure in self-denial masochism
29%
moved with violence, first name of actor Torn rip
29%
injury to feelings or tissue, something you might lick wound
29%
severe demand on a person, injury to a muscle etc. strain
26%
to cause or feel pain, a song by Trent Reznor hurt
23%
mental suffering over a loss, painful regret grief
19%
extreme anguish or a method of 'investigation' torture
19%
a sudden, brief, sharp pain pang
16%
intense physical or mental suffering agony
13%
distress caused by need, Stephen King novel misery
10%
to strike with something slender and flexible lash
6%
sharp pointy thing damage or Irish actor pierce
6%
to tap or strike, with a nail or finger perhaps fillip
0%
No matching quizzes found
Score Distribution
Percent of People with Each Score
Percentile by Number Answered
Your Score History
You have not taken this quiz